[Event "Challenge"]
[Site "http://www.queenalice.com/game.php?id=1582769"]
[Date "2019.9.7"]
[Round "-"]
[White "BasterMater"]
[Black "wolfman"]
[Result "1-0"]
[WhiteElo "1958"]
[BlackElo "2030"]

1. d4 Nf6 2. Nc3 e6 3. e4 d5 4. exd5 exd5 5. Bd3 Be7 6. Nge2 Bg4 7. Be3 Nbd7 8.
Qd2 a6 9. O-O O-O 10. Ng3 c5 11. Be2 cxd4 12. Bxd4 Rc8 13. Bxg4 Nxg4 14. Rad1
Ngf6 15. Nf5 Bb4 16. Qg5 g6 17. h4 Bxc3 18. Bxc3 Ne4 19. Qh6 1-0

[Event "3º Desafio 0x2"]
[Site "http://www.queenalice.com/game.php?id=1583023"]
[Date "2019.9.10"]
[Round "-"]
[White "JoseMessias"]
[Black "wolfman"]
[Result "0-1"]
[WhiteElo "1710"]
[BlackElo "2007"]

1. Nf3 d5 2. d4 e6 3. Bg5 Be7 4. e3 Bxg5 5. Ne5 Bf6 6. f4 Ne7 7. Nc3 a6 8. Na4
b6 9. g4 h6 10. c4 Bb7 11. Bg2 Nd7 12. c5 b5 13. c6 Nxc6 14. Nxc6 Bxc6 15. Nc5
Nxc5 16. dxc5 Qd7 17. Rb1 d4 18. Bxc6 Qxc6 19. Rf1 Qe4 20. c6 Bh4+ 21. Ke2 Qxe3#
0-1

[Event "AUTO-MASTER-2840"]
[Site "http://www.queenalice.com/game.php?id=1583034"]
[Date "2019.9.10"]
[Round "2"]
[White "AyltonChessGM"]
[Black "wolfman"]
[Result "0-1"]
[WhiteElo "1811"]
[BlackElo "1992"]

1. d4 Nf6 2. c4 e6 3. Nf3 b6 4. Nc3 h6 5. e3 Bb4 6. Bd2 Bb7 7. a3 Bxc3 8. Bxc3
d6 9. Be2 Nbd7 10. O-O c5 11. dxc5 dxc5 12. h3 Qc7 13. Rc1 O-O 14. b3 Rad8 15.
Qc2 Be4 16. Qb2 Rfe8 17. Rfd1 e5 18. Nxe5 Nxe5 19. Rxd8 Rxd8 20. Bxe5 Qc6 21. f3
Bg6 22. Bxf6 gxf6 23. Kf2 Qe6 24. Rd1 Re8 25. Qd2 Qf5 26. e4 Qh5 27. Qf4 Kg7 28.
Rd5 Re5 29. Rd6 Re6 30. Rd5 Re5 31. Qg4 Qg5 32. Qxg5 hxg5 33. Rd7 a5 34. Rb7 Re6
0-1

[Event "AUTO-MASTER-2840"]
[Site "http://www.queenalice.com/game.php?id=1583035"]
[Date "2019.9.10"]
[Round "2"]
[White "wolfman"]
[Black "AyltonChessGM"]
[Result "0-1"]
[WhiteElo "2002"]
[BlackElo "2207"]

1. e4 c5 2. Nf3 Nc6 3. d4 cxd4 4. c3 dxc3 5. Nxc3 e6 6. Bc4 d6 7. O-O Nf6 8. Bg5
Be7 9. Qe2 h6 10. Bh4 O-O 11. Rfd1 Ne8 12. Bg3 Qa5 13. e5 d5 14. Bd3 a6 15. a3
b5 16. b4 Qb6 17. Bc2 f5 18. exf6 Bxf6 19. Be5 Nxe5 20. Nxe5 Bxe5 21. Qd3 Qxf2+
22. Kh1 Nf6 23. Rd2 Qh4 24. g3 Qc4 25. Qxc4 bxc4 0-1

[Event "AUTO-MASTER-2840"]
[Site "http://www.queenalice.com/game.php?id=1583038"]
[Date "2019.9.10"]
[Round "2"]
[White "LuisGabriel_HD"]
[Black "wolfman"]
[Result "0-1"]
[WhiteElo "2052"]
[BlackElo "1977"]

1. e4 c5 2. Nc3 e6 3. Nf3 a6 4. d4 cxd4 5. Qxd4 Nc6 6. e5 Nxd4 7. Nxd4 Qc7 8.
Nf3 Ne7 9. Bd3 Ng6 10. O-O Nxe5 11. Bf4 Nxf3+ 12. gxf3 Qxf4 13. Kg2 Bd6 14. Rh1
b5 15. Ne2 Qg5+ 16. Kf1 O-O 17. Ng3 Bxg3 18. fxg3 Bb7 19. Kf2 Rac8 20. h4 Qf6
21. Raf1 Qxf3+ 22. Ke1 Qxg3+ 23. Kd1 Bxh1 24. Rxh1 Qf3+ 25. Be2 Qxh1+ 26. Kd2
Rc7 27. c3 Rc5 28. Kc2 Rfc8 29. Bd3 Rh5 30. Kb3 Rxh4 31. Bc2 a5 32. a3 b4 33.
axb4 axb4 34. cxb4 Rb8 35. Ka3 Rhxb4 36. Bxh7+ Kxh7 0-1

[Event "AUTO-MASTER-2840"]
[Site "http://www.queenalice.com/game.php?id=1583039"]
[Date "2019.9.10"]
[Round "2"]
[White "wolfman"]
[Black "LuisGabriel_HD"]
[Result "1-0"]
[WhiteElo "1996"]
[BlackElo "2033"]

1. e4 e5 2. f4 exf4 3. Nf3 Nf6 4. e5 Qe7 5. Be2 Ng4 6. O-O Qc5+ 7. d4 Qb6 8.
Bxf4 Qxb2 9. Nbd2 Qc3 10. Bc4 Ne3 11. Bxe3 Qxe3+ 12. Kh1 Nc6 13. Re1 Qf4 14. c3
Be7 15. d5 Nd8 16. d6 Bg5 17. Ne4 Bh6 18. Qd5 c6 19. Qd3 O-O 20. Rab1 b5 21. Bb3
Bb7 22. Bc2 g6 23. Nf6+ Kg7 24. Nxd7 Re8 25. Re4 Qf5 26. Nc5 Bf4 27. Rf1 Bh6 28.
Nd4 Qg5 29. d7 Re7 30. Qf3 Qd2 31. e6 f5 32. Nxf5+ gxf5 33. Qxf5 Qd5 34. Qf8+
Kg6 35. Qxe7 Qg5 36. Rg4+ Kh5 37. Rxg5+ Bxg5 38. Qxh7+ Bh6 39. Nxb7 Nxb7 40.
Rf5+ Kg4 41. Qxh6 1-0

[Event "AUTO-MASTER-2840"]
[Site "http://www.queenalice.com/game.php?id=1583042"]
[Date "2019.9.10"]
[Round "2"]
[White "wolfman"]
[Black "CCapivara"]
[Result "1-0"]
[WhiteElo "2002"]
[BlackElo "2217"]

1. e4 d6 2. d4 Nf6 3. Nc3 c6 4. f4 Qa5 5. Bd2 Qb6 6. Bc1 e5 7. Nf3 Bg4 8. dxe5
dxe5 9. fxe5 Nfd7 10. Qd4 Bxf3 11. Qxb6 axb6 12. gxf3 Nxe5 13. Be2 Bb4 14. Bd2
O-O 15. O-O-O Nbd7 16. f4 Ng6 17. Rhg1 Nc5 18. f5 Ne5 19. Bh6 g6 20. Bxf8 Kxf8
21. Bd3 Bxc3 22. bxc3 Rxa2 23. fxg6 hxg6 24. Kb1 Ra8 25. c4 Ra4 26. Kb2 Nxc4+
27. Bxc4 Rxc4 28. Rge1 Ke7 29. e5 b5 30. Ra1 Ke6 31. Ra8 b4 32. Re2 Na4+ 33.
Rxa4 1-0

[Event "AUTO-MASTER-2840"]
[Site "http://www.queenalice.com/game.php?id=1583043"]
[Date "2019.9.10"]
[Round "2"]
[White "CCapivara"]
[Black "wolfman"]
[Result "1-0"]
[WhiteElo "2213"]
[BlackElo "2012"]

1. e4 c5 2. Nf3 e6 3. d4 cxd4 4. Nxd4 a6 5. a3 Qc7 6. Nc3 b5 7. Bd3 Bb7 8. Be3
Nc6 9. O-O Nge7 10. Bxb5 Nxd4 11. Qxd4 Nc6 12. Bxc6 Qxc6 13. Rfd1 Rd8 14. Rd3
Be7 15. Qxg7 Rf8 16. Bh6 d5 17. exd5 exd5 18. Re1 Qg6 19. Qxf8+ Kd7 20. Qxe7+
Kc8 21. Bf4 1-0

[Event "Challenge"]
[Site "http://www.queenalice.com/game.php?id=1585722"]
[Date "2019.10.5"]
[Round "-"]
[White "wolfman"]
[Black "LeMonstrepoilu"]
[Result "0-1"]
[WhiteElo "2010"]
[BlackElo "1949"]

1. e4 c5 2. Nf3 a6 3. d4 cxd4 4. Nxd4 Nf6 5. Nc3 e5 6. Nb3 Bb4 7. Bg5 h6 8. Bh4
d6 9. Be2 Bxc3+ 10. bxc3 g5 11. Bg3 Nxe4 12. O-O Nxc3 13. Qd3 Nxe2+ 14. Qxe2 Nc6
15. Rad1 Be6 16. Rd2 Qc7 17. Rfd1 O-O-O 18. c4 Rhg8 19. c5 Bxb3 20. axb3 dxc5
21. Qg4+ Kb8 22. Rd7 Qc8 23. Qf5 Rxd7 24. Rxd7 f6 25. Qe6 Rd8 26. Qd6+ Ka8 27.
Rxd8 Qxd8 0-1

[Event "Challenge"]
[Site "http://www.queenalice.com/game.php?id=1585723"]
[Date "2019.10.5"]
[Round "-"]
[White "wolfman"]
[Black "gruppodilavoro"]
[Result "1-0"]
[WhiteElo "1991"]
[BlackElo "1881"]

1. e4 e6 2. d4 d5 3. Nc3 c5 4. Nf3 Nc6 5. exd5 exd5 6. Be2 Nf6 7. Bg5 cxd4 8.
Nxd4 Qb6 9. Bxf6 Qxb2 10. Ndb5 gxf6 11. Rb1 Qxc3+ 12. Nxc3 d4 13. Nd5 Bd6 14.
O-O Bf5 15. Bb5 O-O 16. Bxc6 bxc6 17. Nxf6+ Kg7 18. Nh5+ Kg6 19. Ng3 Bxg3 20.
fxg3 c5 21. g4 Be6 22. Rb7 Bc4 23. Rf2 Bd5 24. Qd3+ Kg7 25. Re7 Rab8 26. Qf5
Rb1+ 27. Rf1 Rxf1+ 28. Kxf1 Bc4+ 29. Kf2 a5 30. Qxc5 Be6 31. Qxd4+ Kg8 32. a4
Bxg4 33. Qxg4+ Kh8 34. Qg5 Rg8 35. Qf6+ 1-0

[Event "Challenge"]
[Site "http://www.queenalice.com/game.php?id=1588294"]
[Date "2019.10.29"]
[Round "-"]
[White "wolfman"]
[Black "LeMonstrepoilu"]
[Result "0-1"]
[WhiteElo "1994"]
[BlackElo "1967"]

1. e4 c5 2. d4 cxd4 3. c3 Nf6 4. Bd3 dxc3 5. Nxc3 Nc6 6. Bg5 e6 7. Nf3 d6 8. a3
Be7 9. O-O O-O 10. Qc2 h6 11. Bh4 Bd7 12. Rad1 a6 13. Rfe1 Rc8 14. Qb1 Qc7 15.
Rc1 Qb8 16. e5 Nxe5 17. Nxe5 dxe5 18. Bg3 Bd6 19. Ne4 Nxe4 20. Bxe4 Rxc1 21.
Rxc1 f5 22. Bd3 e4 23. Bxd6 Qxd6 24. Bf1 Bc6 25. Bc4 Qe5 26. Re1 Bd5 27. Be2 e3
28. fxe3 Qxe3+ 29. Kf1 Qf4+ 30. Kg1 Qd4+ 31. Kf1 Qh4 32. Qd1 Qxh2 33. Bf3 Qf4
34. Qe2 Bc4 0-1

[Event "Challenge"]
[Site "http://www.queenalice.com/game.php?id=1589180"]
[Date "2019.11.5"]
[Round "-"]
[White "wolfman"]
[Black "POLONIANYSA"]
[Result "0-1"]
[WhiteElo "1977"]
[BlackElo "1677"]

1. e4 e6 2. Nc3 d5 3. d4 Nf6 4. Bg5 Be7 5. e5 Nfd7 6. Bxe7 Qxe7 7. Nf3 a6 8. Bd3
c5 9. dxc5 Nxc5 10. Be2 Nc6 11. O-O Qc7 12. Nd4 Nxe5 13. f4 Nc6 14. Bg4 f5 15.
Bh5+ g6 16. Be2 Qg7 17. Nxc6 bxc6 18. a3 Rb8 19. b4 Qxc3 20. bxc5 Qxc5+ 21. Kh1
O-O 22. Bd3 Qe7 23. Qe2 Qd6 24. c4 d4 25. h4 c5 26. h5 Bb7 27. h6 Rfe8 28. Qf2
e5 29. fxe5 Rxe5 30. Rab1 Re3 31. Bc2 Rh3+ 0-1

[Event "Challenge"]
[Site "http://www.queenalice.com/game.php?id=1590993"]
[Date "2019.11.23"]
[Round "-"]
[White "jpribeiro"]
[Black "wolfman"]
[Result "1/2-1/2"]
[WhiteElo "2158"]
[BlackElo "2008"]

1. e4 c5 2. Nf3 e6 3. d4 cxd4 4. Nxd4 a6 5. c4 Qc7 6. Nc3 b6 7. a3 Bb7 8. Be3
Nc6 9. Nxc6 dxc6 10. Qb3 c5 11. O-O-O Ne7 12. f3 Ng6 13. Be2 Be7 14. Na4 b5 15.
cxb5 axb5 16. Bxb5+ Bc6 17. Bxc6+ Qxc6 18. Nc3 O-O 19. Qb5 Qc7 20. Rd7 Qc8 21.
Qb7 Qxb7 22. Rxb7 Rfc8 23. h4 Bf6 24. h5 Ne5 25. Rd1 Nc4 26. Bf4 e5 27. Bh2 Bg5+
28. Kb1 Nd2+ 29. Kc2 Nc4 30. Rdd7 Rf8 31. g4 Rad8 32. Rxd8 Rxd8 33. Nb1 Rc8 34.
Kd3 Nd6 35. Rb6 Rd8 36. Rc6 c4+ 37. Kc3 f6 38. Bg1 Rd7 39. Bc5 Nb7 40. Rc8+ Kf7
41. Kxc4 Na5+ 42. Kb5 Nb3 43. Bb4 Nd4+ 44. Kc4 Nxf3 45. Rf8+ Ke6 46. Re8+ Kf7
47. Rf8+ Ke6 48. Re8+ Kf7 1/2-1/2

[Event "Challenge"]
[Site "http://www.queenalice.com/game.php?id=1593017"]
[Date "2019.12.14"]
[Round "-"]
[White "pedroingles"]
[Black "wolfman"]
[Result "1/2-1/2"]
[WhiteElo "1892"]
[BlackElo "2013"]

1. e4 c5 2. Nf3 e6 3. Bc4 a6 4. O-O Qc7 5. d4 cxd4 6. Bb3 b5 7. Nxd4 Bb7 8. Re1
Nc6 9. Be3 Nge7 10. Nc3 Ng6 11. Qf3 Bc5 12. Rad1 O-O 13. a3 Nce5 14. Qg3 d6 15.
Kf1 Nc4 16. Bxc4 bxc4 17. Nf3 Bxe3 18. Rxe3 Rad8 19. Nh4 Qe7 20. Nxg6 hxg6 21.
Re2 Qe8 22. Rxd6 Qe7 23. e5 Qc7 24. Red2 Bc6 25. Rxd8 Rxd8 26. Rxd8+ Qxd8 27.
Qe3 Qa8 28. f3 Qb7 29. Qc1 Qd7 30. Qd1 Qa7 31. Qd8+ Kh7 32. Qh4+ Kg8 33. Qd8+
Kh7 34. Qh4+ Kg8 35. Qd8+ Kh7 36. Qh4+ Kg8 1/2-1/2

[Event "Challenge"]
[Site "http://www.queenalice.com/game.php?id=1598733"]
[Date "2020.2.8"]
[Round "-"]
[White "colatina"]
[Black "wolfman"]
[Result "1/2-1/2"]
[WhiteElo "1838"]
[BlackElo "2014"]

1. e4 c5 2. Nf3 e6 3. d4 cxd4 4. Nxd4 a6 5. a3 Qc7 6. g3 b5 7. Nb3 Bb7 8. Nc3
Nc6 9. Bf4 d6 10. Nc5 Rb8 11. Nxb7 Rxb7 12. Qd2 Qd8 13. O-O-O Rd7 14. a4 b4 15.
Na2 a5 16. Bb5 Nge7 17. Bxd6 Qb6 18. c4 Nc8 19. c5 Qb7 20. Qf4 Bxd6 21. cxd6
N8a7 22. Qg5 O-O 23. h4 Nxb5 24. Qxb5 Rb8 25. Qxb7 Rbxb7 26. f4 f6 27. Rh2 Nd8
28. h5 Nf7 29. e5 fxe5 30. fxe5 Nxe5 31. Re2 Nc4 32. Rxe6 Kf7 33. Re4 Nxd6 34.
Rf1+ Kg8 35. Ref4 h6 36. Kb1 Nf7 37. Nc1 Ra7 38. Nb3 Ne5 39. Nc5 Rdc7 40. Ne6
Re7 41. Rf8+ Kh7 42. Nf4 Rf7 43. Re8 Rae7 44. Ra8 Ra7 45. Rd8 g5 46. hxg6+ Nxg6
47. Rd6 Ne5 48. Re1 Ng4 49. Ree6 Rae7 50. Rg6 b3 51. Rde6 Rxe6 52. Rxe6 Rd7 53.
Kc1 Rc7+ 54. Kd2 Rc2+ 55. Kd3 Rxb2 56. Ra6 Rf2 57. Ra7+ Kg8 58. Ra8+ Kf7 59.
Ra7+ Kf6 60. Ra6+ Kf7 61. Ke4 b2 62. Rb6 Rd2 63. Nd3 Nf2+ 64. Ke3 Rxd3+ 65. Kxf2
Rd2+ 66. Ke3 Rh2 67. Kf4 Ke7 68. g4 Kd7 69. Kf5 Kc7 70. Rb3 Rg2 1/2-1/2

[Event "Challenge"]
[Site "http://www.queenalice.com/game.php?id=1608883"]
[Date "2020.4.22"]
[Round "-"]
[White "enrikov"]
[Black "wolfman"]
[Result "0-1"]
[WhiteElo "1928"]
[BlackElo "2007"]

1. c4 Nf6 2. Nc3 e6 3. d4 Bb4 4. Nf3 Ne4 5. Qc2 f5 6. a3 Bxc3+ 7. bxc3 b6 8. d5
Bb7 9. dxe6 dxe6 10. Nd2 Nd7 11. e3 Ndc5 12. Nxe4 Bxe4 13. Qd2 Qe7 14. f3 Rd8
15. Qa2 Nd3+ 16. Bxd3 Bxd3 17. Kf2 O-O 18. a4 Qh4+ 19. g3 Qf6 20. Qb3 Kh8 21. a5
e5 22. axb6 axb6 23. Bb2 f4 24. e4 Bxc4 25. Qxc4 Rd2+ 26. Ke1 Rxb2 27. Rf1 fxg3
28. hxg3 Qh6 29. f4 Qh2 30. Qd3 exf4 31. gxf4 Qh4+ 32. Kd1 Rd8 33. Ra8 Rxa8 34.
Kc1 Qh2 0-1

[Event "Challenge"]
[Site "http://www.queenalice.com/game.php?id=1615606"]
[Date "2020.6.8"]
[Round "-"]
[White "christian_labat"]
[Black "wolfman"]
[Result "1-0"]
[WhiteElo "2072"]
[BlackElo "2005"]

1. Nf3 d5 2. c4 Nf6 3. cxd5 Nxd5 4. e4 Nb6 5. d4 Bg4 6. Be3 e6 7. Be2 Bb4+ 8.
Nc3 N8d7 9. O-O Nf6 10. e5 Nfd5 11. Bd2 O-O 12. a3 Nxc3 13. bxc3 Be7 14. h3 Bh5
15. Bd3 Nd7 16. Qb1 c5 17. Bxh7+ Kh8 18. Be4 cxd4 19. cxd4 Rb8 20. Nh2 Nxe5 21.
Bc3 Nc4 22. Qb5 Qc7 23. Qxh5+ 1-0

[Event "Rush"]
[Site "http://www.queenalice.com/game.php?id=1621957"]
[Date "2020.7.28"]
[Round "-"]
[White "wolfman"]
[Black "bobifixer"]
[Result "0-1"]
[WhiteElo "2001"]
[BlackElo "2042"]

1. e4 c5 2. Nf3 d6 3. d4 cxd4 4. Nxd4 Nf6 5. Nc3 a6 6. Bg5 e6 7. f4 Be7 8. Bd3
h6 9. Bh4 O-O 10. O-O Nc6 11. Nb3 b5 12. Qf3 Bb7 13. Rad1 Qc7 14. a3 Rac8 15.
Qe2 Nd7 16. Bxe7 Nxe7 17. Qg4 Nc5 18. f5 Nxd3 19. Rxd3 Kh8 20. Rg3 Rg8 21. Kh1
exf5 22. exf5 f6 23. Nd4 Qc4 24. Re1 Nc6 25. Rd3 Ne5 26. Qg3 Nxd3 27. Re7 Bxg2+
28. Kxg2 Qxd4 29. cxd3 Rce8 30. Re6 Rd8 31. Re7 a5 32. h4 b4 33. Re4 Qc5 34.
axb4 axb4 35. Ne2 Qc2 0-1

[Event "Challenge"]
[Site "http://www.queenalice.com/game.php?id=1635516"]
[Date "2020.12.6"]
[Round "-"]
[White "wolfman"]
[Black "Experimentator"]
[Result "0-1"]
[WhiteElo "1987"]
[BlackElo "2174"]

1. e4 h5 2. Nf3 a5 3. Bc4 h4 4. h3 a4 5. d4 e6 6. Nc3 a3 7. b3 c6 8. O-O b5 9.
Bd3 b4 10. Ne2 Be7 11. e5 Ba6 12. Be3 Bxd3 13. Qxd3 Nh6 14. Bxh6 Rxh6 15. Qe4
Na6 16. Rac1 Qa5 17. c3 bxc3 18. Nxc3 f5 19. Qd3 g5 20. Qd2 Rg6 21. Qe2 Nb4 22.
Nd2 Qa6 23. Qh5 Kf7 24. Qh7+ Rg7 25. Qh5+ Kg8 26. Nc4 Nd3 27. Rc2 g4 28. hxg4
Nf4 29. Qh6 Bg5 30. Qxg7+ Kxg7 31. gxf5 exf5 32. Nd6 Qd3 0-1

[Event "Challenge"]
[Site "http://www.queenalice.com/game.php?id=1640402"]
[Date "2021.1.18"]
[Round "-"]
[White "wolfman"]
[Black "BeatifulDevil56"]
[Result "0-1"]
[WhiteElo "2003"]
[BlackElo "1872"]

1. e4 e5 2. f4 exf4 3. Nf3 d6 4. Bc4 Bg4 5. O-O h6 6. d4 g5 7. Nc3 Bg7 8. h3
Bxf3 9. Rxf3 Nf6 10. Qe2 O-O 11. Bd2 Nh5 12. Qf2 a6 13. Kh2 Ng3 14. Rd1 Re8 15.
e5 dxe5 16. dxe5 Qc8 17. h4 Bxe5 18. Be1 Bxc3 19. bxc3 Nd7 20. Rfd3 Ne5 21. Qd4
Qg4 22. Bxg3 fxg3+ 23. Kg1 Qxd4+ 24. Rxd4 Nxc4 25. Rxc4 c6 26. Rcd4 Re2 27. Rd7
Rae8 28. Rf1 R2e7 29. Rd4 Re2 30. hxg5 hxg5 31. Rg4 Rxc2 32. Rxg5+ Kf8 33. Rxg3
Rxa2 34. Rgf3 Re7 35. Rd1 Ke8 36. Rh3 Ree2 37. Rh8+ Ke7 38. Rdd8 Rxg2+ 39. Kh1
Rgc2 40. Rd1 Rxc3 41. Re1+ Kf6 42. Rg8 b5 43. Rf1+ Ke7 44. Re1+ Kd6 45. Rd8+ Kc5
46. Re5+ Kb6 47. Rd1 Rca3 48. Re8 Ra1 49. Rd8 Rxd1+ 50. Rxd1 Ra2 0-1

[Event "Challenge"]
[Site "http://www.queenalice.com/game.php?id=1644735"]
[Date "2021.2.25"]
[Round "-"]
[White "wolfman"]
[Black "dave_j"]
[Result "1-0"]
[WhiteElo "1987"]
[BlackElo "1977"]

1. e4 g6 2. d4 Bg7 3. Nc3 e6 4. Be3 a6 5. f4 Ne7 6. Bd3 b5 7. a3 Bb7 8. Nf3 d6
9. Qd2 Nd7 10. O-O O-O 11. Rad1 d5 12. f5 dxe4 13. Bxe4 Bxe4 14. Nxe4 Nxf5 15.
Bg5 f6 16. Bf4 c6 17. c3 Nb6 18. g4 Nc4 19. Qf2 Ne7 20. b3 Na5 21. Nc5 Qd5 22.
Qe3 Nxb3 23. Nxe6 Rfc8 24. Nxg7 Kxg7 25. Qxe7+ Qf7 26. Rfe1 Re8 27. Qd6 Na5 28.
g5 Rad8 29. gxf6+ Kg8 30. Rxe8+ Rxe8 31. Ng5 1-0

[Event "Challenge"]
[Site "http://www.queenalice.com/game.php?id=1649077"]
[Date "2021.4.7"]
[Round "-"]
[White "wolfman"]
[Black "maurice91"]
[Result "0-1"]
[WhiteElo "1982"]
[BlackElo "1819"]

1. e4 d5 2. exd5 c6 3. d4 cxd5 4. Nc3 Nf6 5. Bd3 Nc6 6. Nge2 e6 7. O-O Be7 8. a3
O-O 9. Bf4 a6 10. f3 b5 11. b4 Bd7 12. Qe1 Rc8 13. Bd2 e5 14. Be3 exd4 15. Nxd4
Ne5 16. Nce2 Nxd3 17. cxd3 Re8 18. Qd2 Bf8 19. Ng3 g6 20. Rac1 Bg7 21. Nge2 Re7
22. Rc5 Rxc5 23. bxc5 Qc7 24. Rc1 Nh5 25. Bh6 Bxd4+ 26. Kh1 Bg7 27. Bg5 f6 28.
Bh4 g5 29. Bf2 Bh8 0-1

[Event "Challenge"]
[Site "http://www.queenalice.com/game.php?id=1758358"]
[Date "2021.5.2"]
[Round "-"]
[White "wolfman"]
[Black "BeatifulDevil56"]
[Result "0-1"]
[WhiteElo "1959"]
[BlackElo "2003"]

1. e4 e5 2. f4 exf4 3. Nf3 d6 4. Bc4 Bg4 5. O-O Nc6 6. d4 Qf6 7. c3 O-O-O 8. b4
Bxf3 9. Rxf3 g5 10. h3 Nce7 11. Nd2 Nh6 12. Nb3 Ng6 13. a4 g4 14. hxg4 Kb8 15.
a5 Nxg4 16. Qd3 Qh4 17. Rh3 Qe1+ 18. Qf1 Qxf1+ 19. Kxf1 Rd7 20. Rf3 Nh2+ 21. Kf2
Nxf3 22. gxf3 h5 23. a6 b6 24. d5 h4 25. Kg2 f6 26. Kh3 Ne5 27. Be2 Ng6 28. Nd4
Ne5 29. Bxf4 Bh6 30. Bh2 Be3 31. Nf5 Bg5 32. c4 Nf7 33. c5 bxc5 34. bxc5 Ne5 35.
c6 Rdd8 36. Rb1+ Ka8 37. Nd4 Be3 38. Ne6 Rc8 39. Rb7 Rh7 0-1

[Event "Challenge"]
[Site "http://www.queenalice.com/game.php?id=1770487"]
[Date "2021.9.21"]
[Round "-"]
[White "wolfman"]
[Black "literat108"]
[Result "0-1"]
[WhiteElo "1945"]
[BlackElo "1960"]

1. e4 c5 2. Nf3 Nc6 3. d4 cxd4 4. Nxd4 Nf6 5. Nc3 e6 6. Bg5 Be7 7. Be2 O-O 8.
O-O h6 9. Bh4 d6 10. Kh1 Qc7 11. f4 Nxe4 12. Bxe7 Nxc3 13. bxc3 Qxe7 14. Qd3 Bd7
15. Rab1 b6 16. Rfe1 Nxd4 17. Qxd4 Rad8 18. Bd3 Rfe8 19. Qf2 e5 20. Re2 Qf6 21.
f5 d5 22. Rf1 Rc8 0-1